Vývojová psychologie Dětství a dospívání

Saved in:
Bibliographic Details
Main Author Vágnerová, Marie
Other Authors Lidka Lisá
Format Electronic eBook
LanguageCzech
Published Karolinum 2021
Edition1. elektronické vydání
Subjects
Online AccessDostupné v BOOKPORT po přihlášení pomocí eduID
ISBN978-80-246-5024-1
978-80-246-5023-4
978-80-246-4961-0
Physical Description1 online zdroj (544 stran)

Cover

LEADER 00000nam a2200000 i 4500
001 bkp508615179
003 CZ-prgp
005 20220125144507.0
006 m o d
007 cr cn
008 220125s2021 xr o 000 0 cze
020 |a 978-80-246-5024-1  |c 250 Kč  |q (online ; pdf) 
020 |a 978-80-246-5023-4  |c 250 Kč  |q (online ; epub) 
020 |a 978-80-246-4961-0  |c 350 Kč  |q (print) 
040 |a Grada  |b cze  |e rda 
100 1 |a Vágnerová, Marie 
245 1 0 |a Vývojová psychologie  |b Dětství a dospívání  |c Marie Vágnerová, Lidka Lisá 
250 |a 1. elektronické vydání 
264 1 |b Karolinum  |c 2021 
300 |a 1 online zdroj (544 stran) 
336 |a text  |b txt  |2 rdacontent 
337 |a počítač  |b c  |2 rdamedia 
338 |a online zdroj  |b cr  |2 rdacarrier 
520 3 |a Nové, rozšířené vydání oblíbené publikace zpracovává psychický vývoj jedince v období dětství a dospívání. Vývoj analyzuje se zaměřením na osobnost člověka, podle jednotlivých psychických funkcí, ale i vzhledem k jeho postavení v nejvýznamnějších sociálních strukturách. Analýzu nově doplňují biologické aspekty. Kniha vysvětluje, jaké reakce jsou pro určitá období lidského života standardní a přináší informace o psychických potřebách dětí, jejichž naplnění či nenaplnění ovlivňuje dětské prožívání a chování. Znalost vývojové psychologie současně umožňuje i čtenářovo pochopení vlastních zážitků z dětství a dospívání, a tedy sebe sama.  
650 0 4 |a Pedagogika 
700 1 |a Lidka Lisá 
856 4 0 |u https://www.bookport.cz/AccountSaml/SignIn/?idp=https://shibboleth.utb.cz/idp/shibboleth&returnUrl=/kniha/vyvojova-psychologie-10360/  |y Dostupné v BOOKPORT po přihlášení pomocí eduID